00715nam a2200241Ia 4500003000400000005001700004008004100021020001400062040000700076041000800083082001900091100002800110245004900138250000600187260003800193300002600231365000800257650002100265906005100286942001200337999001900349952010500368OSt20230318103343.0210423s1990 xx 000 0 und d a471520632 cAL aeng a540 223bBRAJ aBRADY (James E).949157 aGeneral chemistry: principles and structure. a5 aNew YorkbJohn Wiley & Sonsc1990 axviii,852,A53,I14bHB cINR aChemistry949158 achemistry: ; General ; principles ; structure. 2ddccBK c153783d153783 001040708ACaSACPGbSACPGd2008-02-18l0o540 BRAJpPG000250r2022-08-24 00:00:00w2021-04-26yBK